000 00871nam a2200241 a 4500
999 _c11000
_d11000
001 11000
003 BD-JhCC
005 20191128134008.0
008 190618s 2012ii |||| |||| 000 0 ben d
035 _a(BD-JhCC)11000
040 _aBD-JhCC
_dBD-JhCC
041 _aben
082 _a020
_bGHO 2012
100 _aঘোষরায়, সুমিত
245 _aপ্রশ্নোত্তরে গ্রন্থাগার ও তথ্যবিজ্ঞান /
_cসুমিত ঘোষরায় এবং সুজাতা সরকার
260 _aকলিকাত :
_bঅর্পিতা,
_c২০১২.
300 _a২৩১ পৃ. :
_c২২ সেমি.
650 _aLibrary science
650 _aInformation science
650 _aInformation services
700 _aসরকার, সুজাতা
942 _2ddc
_cBK
_02